|
|
|
|
| LEADER |
00000cam a22000004a 4500 |
| 001 |
musev2_8031 |
| 003 |
MdBmJHUP |
| 005 |
20230905040919.0 |
| 006 |
m o d |
| 007 |
cr||||||||nn|n |
| 008 |
990824s2000 hiu o 00 0 eng d |
| 010 |
|
|
|z 99046525
|
| 020 |
|
|
|a 9780824861292
|
| 020 |
|
|
|z 9780824821357
|
| 020 |
|
|
|z 0824861299
|
| 035 |
|
|
|a (OCoLC)53976457
|
| 040 |
|
|
|a MdBmJHUP
|c MdBmJHUP
|
| 041 |
1 |
|
|a eng
|h jpn
|
| 050 |
0 |
4 |
|a PL826.N3
|b N313 2000
|
| 082 |
0 |
|
|a 895.6/35
|2 21
|
| 100 |
1 |
|
|a Enchi, Fumiko,
|d 1905-1986.
|
| 240 |
1 |
0 |
|a Namamiko monogatari.
|l English
|
| 245 |
1 |
2 |
|a A Tale of False Fortunes /
|c Enchi Fumiko ; translated by Roger K. Thomas.
|
| 264 |
|
1 |
|a Honolulu, Hawaii :
|b University of Hawai'i Press,
|c 2000.
|
| 264 |
|
3 |
|a Baltimore, Md. :
|b Project MUSE,
|c 2012
|
| 264 |
|
4 |
|c © 2000.
|
| 300 |
|
|
|a 1 online resource.
|
| 336 |
|
|
|a text
|b txt
|2 rdacontent
|
| 337 |
|
|
|a computer
|b c
|2 rdamedia
|
| 338 |
|
|
|a online resource
|b cr
|2 rdacarrier
|
| 588 |
|
|
|a Description based on print version record.
|
| 655 |
|
7 |
|a Electronic books.
|2 local
|
| 700 |
1 |
|
|a Thomas, Roger K.
|
| 710 |
2 |
|
|a Project Muse.
|e distributor
|
| 830 |
|
0 |
|a Book collections on Project MUSE.
|
| 856 |
4 |
0 |
|z Texto completo
|u https://projectmuse.uam.elogim.com/book/8031/
|
| 945 |
|
|
|a Project MUSE - Custom Collection
|
| 945 |
|
|
|a Project MUSE - Archive Complete Foundation
|
| 945 |
|
|
|a Project MUSE - Archive Poetry, Fiction and Creative Non-Fiction Foundation
|
| 945 |
|
|
|a Project MUSE - Archive Asian and Pacific Studies Foundation
|